Cemas di Bukit Penanggal (Record no. 80598)

MARC details
000 -LEADER
fixed length control field 00788nam a2200265 i 4500
001 - CONTROL NUMBER
control field C2-0272646
003 - CONTROL NUMBER IDENTIFIER
control field PPAK
005 - DATE AND TIME OF LATEST TRANSACTION
control field 20180728002150.0
008 - FIXED-LENGTH DATA ELEMENTS--GENERAL INFORMATION
fixed length control field 060809s2006 my a|||| ||||| | may d
020 ## - INTERNATIONAL STANDARD BOOK NUMBER
International Standard Book Number 9833535089 ; 9789833535088
040 ## - CATALOGING SOURCE
Original cataloging agency PPAK
Language of cataloging eng
Transcribing agency PPAK
Description conventions rda
082 04 - DEWEY DECIMAL CLASSIFICATION NUMBER
Classification number 899.233
Edition number 23
090 00 - LOCALLY ASSIGNED LC-TYPE CALL NUMBER (OCLC); LOCAL CALL NUMBER (RLIN)
Classification number (OCLC) (R) ; Classification number, CALL (RLIN) (NR) 899.233
Feature heading NIR
Feature heading K
100 0# - MAIN ENTRY--PERSONAL NAME
Personal name Nir Shamer,
Relator term author
245 10 - TITLE STATEMENT
Title Cemas di Bukit Penanggal
264 #1 - PRODUCTION, PUBLICATION, DISTRIBUTION, MANUFACTURE, AND COPYRIGHT NOTICE
Place of production, publication, distribution, manufacture Petaling Jaya, Selangor :
Name of producer, publisher, distributor, manufacturer Tulip Publications ,
Date of production, publication, distribution, manufacture, or copyright notice 2006
300 ## - PHYSICAL DESCRIPTION
Extent 151 pages :
Other physical details illustrations ;
Dimensions 21 cm
336 ## - CONTENT TYPE
Source rdacontent
Content type term text
337 ## - MEDIA TYPE
Source rdamedia
Media type term unmediated
338 ## - CARRIER TYPE
Source rdacarrier
Carrier type term volume
490 1# - SERIES STATEMENT
Series statement Siri ekspedisi mencabar
650 10 - SUBJECT ADDED ENTRY--TOPICAL TERM
Topical term or geographic name entry element Children's stories, Malay. ; Malay fiction.
830 #0 - SERIES ADDED ENTRY--UNIFORM TITLE
Uniform title Siri ekspedisi mencabar
942 ## - ADDED ENTRY ELEMENTS (KOHA)
-- dc
Koha item type Book
Holdings
Withdrawn Not for loan Current library Shelving location Date acquired Full call number Barcode Date last seen Koha item type Total Checkouts Date last checked out
    Perpustakaan Alor Setar Pinjaman Kanak-kanak 23/01/2007 K 899.233 NIR A01133780 09/05/2018 Book    
    Perpustakaan Alor Setar Pinjaman Kanak-kanak 01/04/2007 K 899.233 NIR A01162123 09/05/2018 Book    
    Perpustakaan Awam Sungai Petani Pinjaman Kanak-kanak 01/04/2007 K 899.233 NIR A01162124 30/10/2022 Book 2 01/10/2022
    Perpustakaan Baling Pinjaman Kanak-kanak 01/04/2007 K 899.233 NIR A01162130 09/05/2018 Book    
    Perpustakaan Baling Pinjaman Kanak-kanak 01/04/2007 K 899.233 NIR A01162133 09/05/2018 Book    
    Perpustakaan Bandar Baharu Pinjaman Kanak-kanak 01/04/2007 K 899.233 NIR A01162131 09/05/2018 Book    
    Perpustakaan Jitra Pinjaman Kanak-kanak 01/04/2007 K 899.233 NIR A01162125 09/05/2018 Book    
    Perpustakaan Kuala Kedah Pinjaman Kanak-kanak 12/01/2016 K 899.233 NIR A00876458 09/05/2018 Book    
    Perpustakaan Kulim Pinjaman Kanak-kanak 01/04/2007 K 899.233 NIR A01162127 25/06/2023 Book 1 17/06/2023
    Perpustakaan Langkawi Pinjaman Kanak-kanak 01/04/2007 K 899.233 NIR A01162126 09/05/2018 Book    
    Perpustakaan Yan Pinjaman Kanak-kanak 01/04/2007 K 899.233 NIR A01162128 09/05/2018 Book    
    Bergerak 1, Alor Setar Pinjaman Kanak-kanak 27/12/2007 K 899.233 NIR A01138998 09/05/2018 Book    
    PD04, Kg. Bukit Nambua, Kuala Nerang Pinjaman Kanak-kanak 05/07/2006 K 899.233 NIR A01104367 09/05/2018 Book    
    PD04, Kg. Bukit Nambua, Kuala Nerang Pinjaman Kanak-kanak 14/06/2006 K 899.233 NIR A01103782 09/05/2018 Book